[Event "Baden-ch Seniors"]
[Site "Haslach im Kinzigtal"]
[Date "2010.05.29"]
[Round "1"]
[White "Mueller, Waldemar"]
[Black "Schneider, Klaus"]
[Result "1/2-1/2"]
[WhiteElo "2132"]
[BlackElo "1890"]
[PlyCount "133"]
[EventDate "2010.05.29"]
[EventType "swiss"]
[EventRounds "9"]
[EventCountry "GER"]
[SourceTitle "EXT 2011"]
[Source "ChessBase"]
[SourceDate "2010.11.26"]
[SourceVersion "1"]
[SourceVersionDate "2010.11.26"]
[SourceQuality "1"]

1. e4 c6 2. d4 d5 3. e5 Bf5 4. Nd2 e6 5. Nb3 Nd7 6. Nf3 Ne7 7. Be2 Rc8 8. c3 c5 9. dxc5 Nxc5 10. Nxc5 Rxc5 11. Qa4+ Qd7 12. Qxa7 Rc8 13. Nd4 Bg6 14. Bb5 Nc6 15. Qa4 Be7 16. 0-0 0-0 17. Re1 Qc7 18. Bf4 Nxd4 19. Qxd4 Bc5 20. Qd2 Rfd8 21. Bg5 Be7 22. Be3 Bc5 23. Rac1 Qb6 24. Bxc5 Qxc5 25. a4 h6 26. h4 Qb6 27. Qd4 Qc7 28. b4 b6 29. Re3 Be4 30. Rg3 Qe7 31. h5 Qh4 32. Be2 Qe7 33. Ra1 Qc7 34. a5 bxa5 35. Rxa5 Ra8 36. Rc5 Ra1+ 37. Kh2 Qe7 38. Qe3 Bf5 39. Qf4 Re1 40. Bf3 Ra8 41. Ra5 Rc8 42. Bxd5 Kf8 43. Ra8 exd5 44. Rxc8+ Bxc8 45. Re3 Rxe3 46. fxe3 Ba6 47. e4 dxe4 48. Qxe4 Bb7 49. Qf4 Ke8 50. Kh3 Bd5 51. Kg3 Qg5+ 52. Qxg5 hxg5 53. Kf2 Kf8 54. Ke3 Ke7 55. Kd4 Bb7 56. g3 Bf3 57. b5 Bxh5 58. c4 Kd7 59. c5 Be2 60. c6+ Kc7 61. Kc5 Bf3 62. b6+ Kc8 63. Kd6 Bg4 64. Ke7 Be6 65. Kd6 Bg4 66. Kd5 Be6+ 67. Kd6 1/2-1/2

[Event "Verbandsliga Nord Baden 0910"]
[Site "Germany"]
[Date "2010.03.07"]
[Round "7.7"]
[White "Mueller, Waldemar"]
[Black "Wolf, Christian"]
[Result "1-0"]
[WhiteElo "2132"]
[BlackElo "2083"]
[PlyCount "155"]
[EventDate "2009.10.11"]
[EventType "team-tourn"]
[EventRounds "9"]
[EventCountry "GER"]
[SourceTitle "EXT 2011"]
[Source "ChessBase"]
[SourceDate "2010.11.26"]
[SourceVersion "1"]
[SourceVersionDate "2010.11.26"]
[SourceQuality "1"]
[WhiteTeam "Walldorf"]
[BlackTeam "Mosbach"]
[WhiteTeamCountry "GER"]
[BlackTeamCountry "GER"]

1. e4 e5 2. Nf3 d6 3. d4 Nd7 4. Nc3 Ngf6 5. Be2 Be7 6. 0-0 0-0 7. h3 Re8 8. Re1 c6 9. Be3 Bf8 10. d5 cxd5 11. exd5 h6 12. a4 a6 13. a5 g6 14. Qd2 Kh7 15. g4 Ng8 16. Bd3 Ndf6 17. Bb6 Qe7 18. Nh2 Nd7 19. Be3 Qh4 20. Kg2 Qd8 21. Nf1 Bg7 22. Ng3 Rf8 23. f3 Ne7 24. Nh5 Ng8 25. Nxg7 Kxg7 26. f4 f5 27. gxf5 gxf5 28. Kh2 e4 29. Rg1+ Kh8 30. Bd4+ Ngf6 31. Be2 Kh7 32. Rg3 Rg8 33. Rag1 Rxg3 34. Rxg3 b5 35. axb6 Bb7 36. Qe3 Qf8 37. Qg1 Qf7 38. Nd1 Bxd5 39. Rc3 Rg8 40. Qf2 e3 41. Nxe3 Ne4 42. Qe1 Nxc3 43. bxc3 Nc5 44. c4 Be4 45. Qf2 Ne6 46. Bc3 Qg6 47. Bd3 Nc5 48. Bf1 Bb7 49. Bd3 Be4 50. Bf1 Ne6 51. Bd3 Nxf4 52. Bxe4 fxe4 53. Ng4 Rf8 54. b7 e3 55. Qxe3 Qxc2+ 56. Bd2 Qd3 57. Qxd3+ Nxd3 58. Nf6+ Kg6 59. Nd7 Re8 60. Bc3 Kf5 61. b8Q Rxb8 62. Nxb8 a5 63. Bxa5 Ne5 64. Bd2 h5 65. Bc1 Nxc4 66. Kg3 d5 67. Kh4 Kg6 68. Nc6 Nd6 69. Ne7+ Kf7 70. Nxd5 Kg6 71. Kg3 Nf5+ 72. Kf4 Nd4 73. Be3 Ne6+ 74. Kg3 Ng7 75. Nf4+ Kh6 76. Kf3 Nf5 77. Bd2 Kh7 78. Nxh5 1-0

[Event "Bad Bertrich Seniors op 17th"]
[Site "Bad Bertrich"]
[Date "2009.12.12"]
[Round "9"]
[White "Mueller, Waldemar"]
[Black "Neese, Hans Joachim"]
[Result "1/2-1/2"]
[WhiteElo "1996"]
[BlackElo "2120"]
[PlyCount "192"]
[EventDate "2009.12.04"]
[EventType "swiss"]
[EventRounds "9"]
[EventCountry "GER"]
[SourceTitle "EXT 2022"]
[Source "ChessBase"]
[SourceDate "2021.10.06"]
[SourceVersion "1"]
[SourceVersionDate "2021.10.06"]
[SourceQuality "1"]

1. e4 c5 2. Nf3 d6 3. d4 cxd4 4. Nxd4 Nf6 5. Nc3 a6 6. f3 Nc6 7. Be3 Bd7 8. Qd2 e6 9. g4 h6 10. Be2 b5 11. a3 Rc8 12. 0-0 Ne5 13. h3 Nc4 14. Bxc4 Rxc4 15. Nce2 Bc8 16. b3 Rc7 17. a4 b4 18. Rad1 d5 19. e5 Nd7 20. f4 h5 21. Bf2 hxg4 22. hxg4 Nc5 23. Kg2 Ne4 24. Qe3 Nxf2 25. Qxf2 Qh4 26. Qxh4 Rxh4 27. Kg3 Rh7 28. f5 Be7 29. Rh1 Rxh1 30. Rxh1 Bg5 31. Kf3 exf5 32. gxf5 Bh6 33. Re1 Bb7 34. Nf4 Rc3+ 35. Nd3 Ke7 36. Ke2 a5 37. Kd1 Ba6 38. Ne2 Rc8 39. Nef4 Bb7 40. e6 d4 41. Re5 Bf3+ 42. Ke1 Rxc2 43. Rxa5 fxe6 44. fxe6 Rc3 45. Ra7+ Ke8 46. Rd7 g5 47. Ng6 Rxd3 48. Re7+ Kd8 49. Rd7+ Kc8 50. Ne7+ Kb8 51. Nf5 Bc6 52. Rh7 Rf3 53. Nxd4 Rc3 54. Rxh6 Bd5 55. Kd2 Rc8 56. e7 Re8 57. Rd6 Bf7 58. Rf6 Bh5 59. Rf8 Kc7 60. Rxe8 Bxe8 61. Kd3 Kd6 62. Nf5+ Kd7 63. Kc4 Bg6 64. Ng3 Kxe7 65. Kxb4 Kd6 66. Kb5 Kc7 67. Kc5 Bc2 68. Kb4 Kb6 69. Kc3 Bg6 70. b4 Be8 71. Kb3 Bc6 72. Nf5 g4 73. a5+ Ka7 74. Kc4 Bd7 75. Ng3 Ka6 76. Kc5 Bb5 77. Nf5 Bd3 78. Ng3 Bb5 79. Kd6 Bd3 80. Kd7 Bb5+ 81. Kc7 Bd3 82. Kc6 Bb5+ 83. Kc5 Bd3 84. Nh5 Be4 85. Nf6 Bf3 86. Nd7 g3 87. Nb8+ Ka7 88. Nd7 g2 89. b5 g1Q+ 90. Kd6 Qd4+ 91. Ke7 Qb4+ 92. Ke6 Qxb5 93. Ke7 Qxa5 94. Ke8 Qc7 95. Ke7 Bc6 96. Kf6 Qxd7 1/2-1/2

[Event "Bad Bertrich Seniors op 17th"]
[Site "Bad Bertrich"]
[Date "2009.12.10"]
[Round "7"]
[White "Mueller, Waldemar"]
[Black "Budt, Karl Heinz"]
[Result "1-0"]
[WhiteElo "1996"]
[BlackElo "1995"]
[PlyCount "87"]
[EventDate "2009.12.04"]
[EventType "swiss"]
[EventRounds "9"]
[EventCountry "GER"]
[SourceTitle "EXT 2022"]
[Source "ChessBase"]
[SourceDate "2021.10.06"]
[SourceVersion "1"]
[SourceVersionDate "2021.10.06"]
[SourceQuality "1"]

1. e4 e6 2. Nf3 d5 3. Qe2 Be7 4. g3 c5 5. exd5 exd5 6. Bg2 Nf6 7. 0-0 0-0 8. d4 Nc6 9. dxc5 Bxc5 10. Nc3 Re8 11. Qb5 Bb6 12. Bg5 d4 13. Rad1 a6 14. Qa4 Bg4 15. h3 Bh5 16. Rd2 Qc8 17. Bxf6 dxc3 18. Bxc3 Bxf3 19. Bxf3 Qxh3 20. Qf4 Qe6 21. Rd6 Qe7 22. Bxc6 bxc6 23. Qg4 f5 24. Qc4+ Kh8 25. Qxc6 Rad8 26. Rxd8 Qxd8 27. Kg2 Re2 28. Qb7 Re7 29. Qf3 f4 30. Qxf4 Qe8 31. Qg4 Qc6+ 32. Qf3 Qe8 33. a3 Rf7 34. Qd5 Kg8 35. Be5 Qa4 36. c4 Qb3 37. Bc3 Qa2 38. c5 Bc7 39. Be5 Bxe5 40. Qxe5 Qb3 41. f4 h6 42. Rf2 Rf6 43. Rd2 Re6 44. Qf5 1-0

[Event "Bad Bertrich Seniors op 17th"]
[Site "Bad Bertrich"]
[Date "2009.12.07"]
[Round "4"]
[White "Gerhards, Walter"]
[Black "Mueller, Waldemar"]
[Result "1-0"]
[WhiteElo "1801"]
[BlackElo "1996"]
[PlyCount "143"]
[EventDate "2009.12.04"]
[EventType "swiss"]
[EventRounds "9"]
[EventCountry "GER"]
[SourceTitle "EXT 2022"]
[Source "ChessBase"]
[SourceDate "2021.10.06"]
[SourceVersion "1"]
[SourceVersionDate "2021.10.06"]
[SourceQuality "1"]

1. e4 c5 2. Nf3 Nc6 3. d4 cxd4 4. Nxd4 Nf6 5. Nc3 e5 6. Ndb5 d6 7. Bg5 a6 8. Na3 b5 9. Nd5 Be7 10. Nxe7 Qxe7 11. Bd3 0-0 12. 0-0 Nb4 13. Be2 Rd8 14. c3 Nc6 15. f4 h6 16. Bxf6 Qxf6 17. Qd5 Bb7 18. fxe5 Qe7 19. exd6 Rxd6 20. Qf5 Ne5 21. Rad1 Rf6 22. Qh5 Bxe4 23. Rxf6 Qxf6 24. Rf1 Qb6+ 25. Kh1 Qe3 26. Bd1 Bd3 27. Rg1 Rd8 28. Qh4 Rd6 29. Nc2 Qd2 30. Nd4 Rg6 31. Qd8+ Kh7 32. Nf3 Nxf3 33. Bxf3 Qe3 34. Rd1 Re6 35. h3 Bc2 36. Rg1 Be4 37. Bxe4+ Qxe4 38. Rd1 f5 39. Qd2 g5 40. Qf2 Kg6 41. Kh2 h5 42. Rd8 g4 43. Rg8+ Kf7 44. Rg5 Kf6 45. Rxh5 Qe5+ 46. Qg3 gxh3 47. Kxh3 Qxg3+ 48. Kxg3 Kg6 49. Rh8 Kg5 50. Kf3 Rc6 51. Re8 Rc5 52. Re3 Rc4 53. Ke2 Ra4 54. a3 Rg4 55. g3 Ra4 56. Kd3 Rc4 57. b3 Rg4 58. c4 bxc4+ 59. bxc4 Kf6 60. Kc3 a5 61. c5 Kf7 62. c6 Kf6 63. c7 Rg8 64. Kd4 Rc8 65. Rc3 Ke6 66. Ke3 Ke5 67. Kf3 a4 68. Rc1 Kd6 69. Kf4 Ke6 70. Kg5 Rg8+ 71. Kh6 Rc8 72. Kg7 1-0